| 000 | 00858cam a2200253 a 4500 | ||
|---|---|---|---|
| 001 | 1054220 | ||
| 003 | NUST - PNEC | ||
| 005 | 20170116181017.0 | ||
| 008 | 900529s1991 maua b 001 0 eng | ||
| 010 | _a 90040375 | ||
| 020 | _a0878355812 | ||
| 040 | _cLIBRARY | ||
| 082 | 0 | 0 | _a005.7565 PRA |
| 100 | 1 |
_aPratt, Philip J., _d1945- |
|
| 245 | 1 | 0 |
_aUsing dBase III plus / _cPhilip J. Pratt. |
| 260 |
_aBoston, MA : _bBoyd & Fraser, _cc1991. |
||
| 300 |
_axv, 298 p. : _bill. (some col.) ; _c24 cm. |
||
| 504 | _aIncludes bibliographical references (p. 294) and index. | ||
| 630 | 0 | 0 | _adBase III plus (Computer file) |
| 650 | 0 |
_aDatabase management. _xMIS |
|
| 906 |
_a7 _bcbc _corignew _d1 _eocip _f19 _gy-gencatlg |
||
| 942 |
_2ddc _cBK |
||
| 999 |
_c67285 _d67285 |
||